00465nam a2200181 a 4500001001300000003000900013005001700022008004100039020001000080082001300090245003400103260003200137300000900169500003500178505002800213650002300241710001900264nice12345678IN_TiNIC20260116012031.0050524s1935 lona grp 000 0 per  ac10000a201bUNI aSarguzisht Sadhu Sunder Singh aLondon bNo Publisherc1935 a152p aincludes index and biblioraphy2 aHand Written Manuscript aSadhu Sunder Singh2 aUnited Society